[Event "Quebec op U1600"]
[Site "Montreal CAN"]
[Date "1988.07.26"]
[Round "3"]
[White "Labrecque, Rejean"]
[Black "Charest, Johanne"]
[Result "0-1"]
[WhiteElo "1500"]
[BlackElo "1388"]
[PlyCount "110"]
[GameId "2160767912520543"]
[EventDate "1988.07.24"]
[EventType "swiss"]
[EventRounds "8"]
[EventCountry "CAN"]
[SourceTitle "EXT 2022"]
[Source "ChessBase"]
[SourceDate "2021.10.06"]
[SourceVersion "1"]
[SourceVersionDate "2021.10.06"]
[SourceQuality "1"]

1. d4 d5 2. c4 c6 3. Bf4 Nf6 4. e3 e6 5. Nc3 Nbd7 6. c5 b6 7. b4 bxc5 8. bxc5 Qa5 9. Qd2 Be7 10. Nf3 O-O 11. Be2 Bd8 12. O-O Ne4 13. Nxe4 dxe4 14. Qxa5 Bxa5 15. Ne5 Nxe5 16. Bxe5 Re8 17. Bd6 a6 18. Rfb1 Bc3 19. Bd1 Ra7 20. Bc2 f5 21. g3 a5 22. Ba4 Bd7 23. a3 Bxa1 24. Rxa1 Rb7 25. Ra2 Rc8 26. Kg2 Be8 27. Bd1 g5 28. Be2 Ra8 29. Bc4 Bf7 30. Rd2 h6 31. h3 Kh7 32. g4 fxg4 33. hxg4 Kg7 34. Kg3 Raa7 35. Ba2 Bg8 36. Kh3 Rf7 37. Bxe6 Rf3+ 38. Kg2 Bxe6 39. Rb2 Bxg4 40. Rb6 Raf7 41. Bg3 Bd7 42. Rb8 Kh7 43. Rb2 h5 44. a4 h4 45. Bc7 Bh3+ 46. Kh2 Rxc7 47. Rb6 Bf1 48. Kg1 Bd3 49. Rb8 g4 50. Rb2 Rcf7 51. d5 cxd5 52. c6 Rc7 53. Rb6 Bc2 54. Kh1 Bxa4 55. Rb7 Rff7 0-1

[Event "Quebec op U1600"]
[Site "Montreal CAN"]
[Date "1988.07.27"]
[Round "4"]
[White "Charest, Johanne"]
[Black "Samson, Guy"]
[Result "0-1"]
[WhiteElo "1388"]
[BlackElo "1527"]
[PlyCount "66"]
[GameId "2160767912520544"]
[EventDate "1988.07.24"]
[EventType "swiss"]
[EventRounds "8"]
[EventCountry "CAN"]
[SourceTitle "EXT 2022"]
[Source "ChessBase"]
[SourceDate "2021.10.06"]
[SourceVersion "1"]
[SourceVersionDate "2021.10.06"]
[SourceQuality "1"]

1. e4 e5 2. Nf3 Nc6 3. Bc4 Nf6 4. Ng5 d5 5. exd5 Nxd5 6. d3 Be7 7. Qf3 Bxg5 8. Bxd5 O-O 9. Nc3 Nd4 10. Qd1 c6 11. Be4 Bxc1 12. Rxc1 Qg5 13. h3 f5 14. Bf3 Nxf3+ 15. gxf3 Qf4 16. Ke2 b5 17. a3 a5 18. Qd2 Qh4 19. Rcg1 b4 20. axb4 axb4 21. Nd1 e4 22. dxe4 fxe4 23. fxe4 Qxe4+ 24. Qe3 Qxc2+ 25. Ke1 Ra1 26. Rxg7+ Kh8 27. Rd7 Qg6 28. Qe5+ Kg8 29. Re7 Rxd1+ 30. Kxd1 Qb1+ 31. Ke2 Qc2+ 32. Ke1 Qc1+ 33. Ke2 Ba6+ 0-1

[Event "Quebec op U1600"]
[Site "Montreal CAN"]
[Date "1988.07.28"]
[Round "5"]
[White "Bouchard, Jean-Marc"]
[Black "Himbeault, Pierre"]
[Result "1-0"]
[WhiteElo "1563"]
[BlackElo "1518"]
[PlyCount "53"]
[GameId "2160767912520545"]
[EventDate "1988.07.24"]
[EventType "swiss"]
[EventRounds "8"]
[EventCountry "CAN"]
[SourceTitle "FQE 03"]

1. e4 c5 2. f4 d6 3. Nf3 Nc6 4. Be2 Nf6 5. d3 e6 6. O-O Be7 7. c3 d5 8. e5 Nd7 9. d4 h6 10. Nbd2 c4 11. Qc2 Nf8 12. Rf2 Bd7 13. Nf1 Qb6 14. Ne3 O-O-O 15. f5 Nh7 16. fxe6 fxe6 17. Qg6 Ng5 18. Nxg5 Bxg5 19. Bg4 Ne7 20. Qc2 h5 21. Bh3 Rdf8 22. Nxc4 dxc4 23. Bxg5 Nc6 24. Raf1 Rxf2 25. Rxf2 Nxd4 26. cxd4 Qxd4 27. Qc3 1-0

[Event "Quebec op U1600"]
[Site "Montreal CAN"]
[Date "1988.07.28"]
[Round "5"]
[White "Drolet, Stephane"]
[Black "Ouaknine, Joel"]
[Result "1/2-1/2"]
[WhiteElo "1588"]
[BlackElo "1584"]
[PlyCount "34"]
[GameId "2160767912520546"]
[EventDate "1988.07.24"]
[EventType "swiss"]
[EventRounds "8"]
[EventCountry "CAN"]
[SourceTitle "FQE 03"]

1. c4 Nf6 2. Nf3 g6 3. Nc3 Bg7 4. g3 O-O 5. Bg2 d6 6. Rb1 c6 7. O-O e5 8. d3 Nh5 9. Bg5 f6 10. Bd2 f5 11. b4 Nd7 12. b5 c5 13. Qc1 f4 14. Nd5 Ndf6 15. Ne1 Nxd5 16. Bxd5+ Kh8 17. a4 Qf6 1/2-1/2

[Event "Quebec op U1600"]
[Site "Montreal CAN"]
[Date "1988.07.28"]
[Round "5"]
[White "Magy, Ghobrani"]
[Black "Charest, Johanne"]
[Result "1-0"]
[WhiteElo "1560"]
[BlackElo "1388"]
[PlyCount "158"]
[GameId "2160767912520547"]
[EventDate "1988.07.24"]
[EventType "swiss"]
[EventRounds "8"]
[EventCountry "CAN"]
[SourceTitle "EXT 2022"]
[Source "ChessBase"]
[SourceDate "2021.10.06"]
[SourceVersion "1"]
[SourceVersionDate "2021.10.06"]
[SourceQuality "1"]

1. e4 e5 2. Bc4 Nf6 3. Nc3 Nc6 4. Nf3 Bc5 5. O-O d6 6. h3 h6 7. a3 O-O 8. d3 Re8 9. Be3 Nd4 10. Bxd4 Bxd4 11. Nxd4 exd4 12. Ne2 c5 13. Ng3 b6 14. f4 d5 15. exd5 Nxd5 16. Qh5 Be6 17. Bb5 Rf8 18. f5 Bd7 19. Bxd7 Qxd7 20. Ne4 Kh7 21. g4 Qe8 22. Rae1 Ne3 23. Rf2 f6 24. Qh4 Kh8 25. Qg3 Qb8 26. Qh4 Qe8 27. Ng3 Nxf5 28. Rxe8 Nxh4 29. Re7 Ng6 30. Rc7 Rfc8 31. Rf7 Ne5 32. Rb7 Rf8 33. Nh5 Rf7 34. Rxf7 Nxf7 35. h4 Re8 36. Nf4 Re1+ 37. Kg2 Re8 38. Ng6+ Kh7 39. Nf4 Re3 40. Nh3 Ne5 41. g5 Ng4 42. Rd2 Re5 43. gxf6 Nxf6 44. Nf2 Nd5 45. Ne4 Ne3+ 46. Kh3 Rf5 47. Re2 Rf3+ 48. Kh2 Ng4+ 49. Kg2 Re3 50. Rd2 Ne5 51. Rf2 Kg8 52. Nd6 Ng6 53. h5 Nh4+ 54. Kh2 Rf3 55. Re2 Re3 56. Rf2 Nf3+ 57. Kg3 Ng5+ 58. Kg4 Re6 59. Nb5 a5 60. Nc7 Rc6 61. Nd5 Re6 62. Nc7 Re7 63. Nd5 Re6 64. Nc7 Re5 65. Na8 b5 66. Nc7 b4 67. a4 Ne6 68. Nb5 Nd8 69. Nd6 Re6 70. Ne4 Re5 71. b3 Nf7 72. Rf5 Kf8 73. Rxe5 Nxe5+ 74. Kf5 Nd7 75. Ke6 Nf6 76. Nxf6 gxf6 77. Kxf6 Kg8 78. Kg6 Kh8 79. Kxh6 Kg8 1-0

[Event "Quebec op U1600"]
[Site "Montreal CAN"]
[Date "1988.07.29"]
[Round "6"]
[White "Ghannoum, Marc"]
[Black "Hettstedt, Kay"]
[Result "1/2-1/2"]
[WhiteElo "1596"]
[BlackElo "1492"]
[PlyCount "60"]
[GameId "2160767912520548"]
[EventDate "1988.07.24"]
[EventType "swiss"]
[EventRounds "8"]
[EventCountry "CAN"]
[SourceTitle "FQE 03"]

1. e4 e6 2. d4 d5 3. Nd2 Nf6 4. e5 Nfd7 5. Bd3 c5 6. c3 Nc6 7. Ne2 a5 8. Nf3 b6 9. Be3 Ba6 10. Bc2 b5 11. Ng3 h6 12. O-O b4 13. Re1 Bb5 14. a3 bxc3 15. bxc3 cxd4 16. cxd4 Be7 17. Nd2 Bg5 18. f4 Bh4 19. f5 Bxg3 20. hxg3 exf5 21. Bxf5 Ne7 22. Bc2 Nf8 23. Rb1 Bd7 24. Rf1 Ne6 25. Qh5 g6 26. Qf3 Rh7 27. Bxh6 Nxd4 28. Qd3 Nxc2 29. Bg5 Bf5 30. Rxf5 gxf5 1/2-1/2

[Event "Quebec op U1600"]
[Site "Montreal CAN"]
[Date "1988.07.29"]
[Round "6"]
[White "Pereira, Shelby"]
[Black "Charest, Johanne"]
[Result "1-0"]
[WhiteElo "1470"]
[BlackElo "1388"]
[PlyCount "41"]
[GameId "2160767912520549"]
[EventDate "1988.07.24"]
[EventType "swiss"]
[EventRounds "8"]
[EventCountry "CAN"]
[SourceTitle "EXT 2022"]
[Source "ChessBase"]
[SourceDate "2021.10.06"]
[SourceVersion "1"]
[SourceVersionDate "2021.10.06"]
[SourceQuality "1"]

1. e4 e5 2. Nf3 Nc6 3. Bb5 Bc5 4. O-O d6 5. d4 exd4 6. Nxd4 Bd7 7. Nb3 Bb6 8. Nc3 Nf6 9. Bg5 h6 10. h4 a6 11. Be2 O-O 12. Nd5 Ba7 13. Nxf6+ gxf6 14. Kh1 Kh7 15. f4 Rg8 16. Bd3 Kh8 17. Qh5 Rg7 18. Qxh6+ Rh7 19. Bxf6+ Kg8 20. Qg5+ Rg7 21. Qxg7# 1-0

[Event "Quebec op U1600"]
[Site "Montreal CAN"]
[Date "1988.07.30"]
[Round "7"]
[White "Labrie, Robert"]
[Black "Himbeault, Pierre"]
[Result "0-1"]
[WhiteElo "1444"]
[BlackElo "1518"]
[PlyCount "86"]
[GameId "2160767912520551"]
[EventDate "1988.07.24"]
[EventType "swiss"]
[EventRounds "8"]
[EventCountry "CAN"]
[SourceTitle "FQE 03"]

1. d4 Nf6 2. Nf3 g6 3. c4 Bg7 4. Nc3 d5 5. e3 O-O 6. cxd5 Nxd5 7. Bc4 Nxc3 8. bxc3 c5 9. O-O Qc7 10. Qb3 Nc6 11. Ng5 e6 12. Ba3 Rd8 13. Bb5 Na5 14. Qa4 a6 15. Be2 b5 16. Qc2 cxd4 17. exd4 Rxd4 18. Rac1 Ra4 19. Bb4 Nc4 20. Rfd1 Bb7 21. Ne4 Bxe4 22. Qxe4 Rc8 23. Bxc4 Qxc4 24. Qxc4 bxc4 25. a3 a5 26. Be7 Bf8 27. Bxf8 Kxf8 28. Ra1 Rb8 29. Rd2 Rxa3 30. Rc1 Rbb3 31. Rdc2 Ra4 32. Kf1 Rba3 33. Ke2 Ra2 34. Ke3 Rxc2 35. Rxc2 Ra1 36. Kd4 a4 37. Kxc4 Ke7 38. Kb4 Kd6 39. c4 Kc6 40. c5 a3 41. Kb3 a2 42. Kb2 Rg1 43. g3 a1=Q+ 0-1

[Event "Quebec op U1600"]
[Site "Montreal CAN"]
[Date "1988.07.30"]
[Round "7"]
[White "Nataf, Paul"]
[Black "Giroux, Gilbert"]
[Result "0-1"]
[WhiteElo "1562"]
[BlackElo "1456"]
[PlyCount "123"]
[GameId "2160767912520552"]
[EventDate "1988.07.24"]
[EventType "swiss"]
[EventRounds "8"]
[EventCountry "CAN"]
[SourceTitle "FQE 03"]

1. e4 c5 2. f4 a6 3. Nf3 Nc6 4. c4 e6 5. Nc3 d6 6. d4 cxd4 7. Nxd4 Bd7 8. Be3 Nf6 9. Be2 Nxd4 10. Bxd4 Bc6 11. Bf3 Be7 12. Qd2 O-O 13. g4 Rc8 14. g5 Nd7 15. Be3 f5 16. gxf6 Nxf6 17. Rg1 Ne8 18. Bd4 Bf6 19. Bxf6 Qxf6 20. Ne2 Qh4+ 21. Rg3 Qxh2 22. O-O-O Qf2 23. Qc3 Bxe4 24. Rdg1 Rf7 25. Bxe4 Qxe2 26. Bd3 Qf2 27. Rh1 Qxf4+ 28. Kb1 Nf6 29. Rf3 Ne4 30. Rxf4 Nxc3+ 31. bxc3 Rxf4 32. Bxh7+ Kf7 33. Bd3 e5 34. Re1 Rc5 35. Kb2 Kf6 36. Kb3 d5 37. cxd5 Rxd5 38. Be4 Rb5+ 39. Kc4 g5 40. Kd3 g4 41. Rg1 b6 42. Rg2 Rb1 43. Bb7 a5 44. Bc8 Kg5 45. Re2 Kf6 46. Rg2 Kg5 47. Re2 Rd1+ 48. Kc2 Rd5 49. Bb7 Rc5 50. Kd3 g3 51. Rb2 Rf6 52. Rg2 Kf4 53. Re2 Rd6+ 54. Kc2 Rd4 55. Re1 Rdc4 56. Rf1+ Kg5 57. Rf3 Rg4 58. Rf1 e4 59. Rg1 g2 60. Kd2 Kf4 61. Ba6 Rg6 62. Be2 0-1

[Event "Quebec op U1600"]
[Site "Montreal CAN"]
[Date "1988.07.30"]
[Round "7"]
[White "Ouaknine, Joel"]
[Black "Bouchard, Jean-Marc"]
[Result "1/2-1/2"]
[WhiteElo "1584"]
[BlackElo "1563"]
[PlyCount "78"]
[GameId "2160767912520553"]
[EventDate "1988.07.24"]
[EventType "swiss"]
[EventRounds "8"]
[EventCountry "CAN"]
[SourceTitle "FQE 03"]

1. d4 Nf6 2. Nf3 d6 3. c4 g6 4. Nc3 Bg7 5. e4 O-O 6. Be2 c5 7. O-O cxd4 8. Nxd4 Nc6 9. Nc2 Bd7 10. Rb1 Rc8 11. Re1 Ne5 12. Ne3 Bc6 13. f4 Ned7 14. Qc2 e6 15. Bf3 b5 16. cxb5 Bxb5 17. Qd2 Ba6 18. Qxd6 Nc5 19. Rd1 Qxd6 20. Rxd6 Bd3 21. Ra1 Bxe4 22. Nxe4 Ncxe4 23. Ra6 Rc7 24. Ng4 Nxg4 25. Bxg4 Rfc8 26. Be3 Bxb2 27. Rd1 Bc1 28. Bf2 Nxf2 29. Kxf2 Bxf4 30. h3 f5 31. Be2 e5 32. Rd5 e4 33. Rda5 Rc3 34. Ra3 Be3+ 35. Kg3 Bb6+ 36. Rxc3 Rxc3+ 37. Kh2 Kg7 38. Ra4 Kf6 39. Rb4 Rc1 1/2-1/2

[Event "Quebec op U1600"]
[Site "Montreal CAN"]
[Date "1988.07.30"]
[Round "7"]
[White "Piotte, Martin"]
[Black "Saint-Jean, Benoit"]
[Result "1/2-1/2"]
[WhiteElo "1565"]
[BlackElo "1439"]
[PlyCount "59"]
[GameId "2160767912520554"]
[EventDate "1988.07.24"]
[EventType "swiss"]
[EventRounds "8"]
[EventCountry "CAN"]
[SourceTitle "FQE 03"]

1. e4 Nf6 2. e5 Nd5 3. d4 d6 4. Nf3 Bf5 5. Bd3 Bxd3 6. Qxd3 e6 7. c4 Nb6 8. exd6 Bxd6 9. O-O Nc6 10. Rd1 Be7 11. b3 Bf6 12. Bb2 a5 13. Nc3 O-O 14. a3 Re8 15. Ne4 Be7 16. d5 exd5 17. cxd5 Nb8 18. d6 cxd6 19. Nxd6 Bxd6 20. Qxd6 Qxd6 21. Rxd6 Nc6 22. Kf1 a4 23. Bd4 Nc8 24. Rd7 Rd8 25. Rxd8+ Nxd8 26. bxa4 Rxa4 27. Rc1 Nc6 28. Bc5 h6 29. Re1 N8a7 30. Rb1 1/2-1/2

[Event "Quebec op U1600"]
[Site "Montreal CAN"]
[Date "1988.07.31"]
[Round "8"]
[White "Andrade, Oscar"]
[Black "Charest, Johanne"]
[Result "1-0"]
[WhiteElo "1474"]
[BlackElo "1388"]
[PlyCount "27"]
[GameId "2160767912520555"]
[EventDate "1988.07.24"]
[EventType "swiss"]
[EventRounds "8"]
[EventCountry "CAN"]
[SourceTitle "EXT 2022"]
[Source "ChessBase"]
[SourceDate "2021.10.06"]
[SourceVersion "1"]
[SourceVersionDate "2021.10.06"]
[SourceQuality "1"]

1. e4 e5 2. Bc4 Nf6 3. d4 exd4 4. Nf3 Bc5 5. e5 Ng4 6. Bxf7+ Kxf7 7. Ng5+ Ke8 8. Qxg4 d6 9. e6 Qf6 10. O-O h6 11. Re1 hxg5 12. Bxg5 Qf8 13. Qe4 d3 14. Qg6+ 1-0

[Event "Quebec op U1600"]
[Site "Montreal CAN"]
[Date "1988.07.31"]
[Round "8"]
[White "Bouchard, Jean-Marc"]
[Black "Papillon, Rene"]
[Result "0-1"]
[WhiteElo "1563"]
[BlackElo "1541"]
[PlyCount "130"]
[GameId "2160767912520556"]
[EventDate "1988.07.24"]
[EventType "swiss"]
[EventRounds "8"]
[EventCountry "CAN"]
[SourceTitle "FQE 03"]

1. d4 Nf6 2. c4 g6 3. Nc3 Bg7 4. e4 d6 5. h3 O-O 6. Be3 Nbd7 7. Nf3 e5 8. Be2 exd4 9. Nxd4 Nc5 10. Bf3 Re8 11. Qc2 Qe7 12. Nd5 Nxd5 13. cxd5 Nxe4 14. Nb5 Nxf2 15. Qxf2 Qxe3+ 16. Qxe3 Rxe3+ 17. Kf2 Re7 18. Rhe1 Be5 19. Rac1 Bf5 20. g4 Bd3 21. Nxc7 Rc8 22. Red1 Rcxc7 23. Rxc7 Rxc7 24. Rxd3 Rc2+ 25. Be2 Rxb2 26. Ra3 Kg7 27. Kf3 Bd4 28. Rb3 Rxb3+ 29. axb3 Kf6 30. Ke4 Bc5 31. Bf1 Kg5 32. Kf3 f5 33. Bd3 Ba3 34. Be2 Kf6 35. gxf5 Kxf5 36. Ke3 Ke5 37. Bg4 b5 38. Bd7 Kxd5 39. Bxb5 Kc5 40. Bd7 a5 41. Be6 d5 42. Kd3 Bb2 43. Bf7 Kd6 44. Bg8 h6 45. Bf7 g5 46. Bg8 Ke5 47. Bf7 d4 48. Bh5 Kf5 49. Ke2 Kf4 50. Kf2 d3 51. Bg4 Bd4+ 52. Kg2 Ke3 53. Kf1 Kd2 54. Bf5 Kc3 55. Ke1 Kxb3 56. Bxd3 a4 57. Kd2 Kb2 58. Bc4 a3 59. Kd3 Bg7 60. Ke4 a2 61. Bxa2 Kxa2 62. Kf5 Kb3 63. Kg6 Bf8 64. Kf7 h5 65. Kg6 g4 0-1

[Event "Quebec op U1600"]
[Site "Montreal CAN"]
[Date "1988.07.31"]
[Round "8"]
[White "Deschamps, Martin"]
[Black "Roczniak, Marek"]
[Result "0-1"]
[WhiteElo "1584"]
[BlackElo "1492"]
[PlyCount "60"]
[GameId "2160767912520557"]
[EventDate "1988.07.24"]
[EventType "swiss"]
[EventRounds "8"]
[EventCountry "CAN"]
[SourceTitle "FQE 03"]

1. e4 e5 2. Nf3 Nc6 3. Bb5 a6 4. Bxc6 dxc6 5. O-O Bg4 6. h3 Bh5 7. g4 Bg6 8. Nxe5 Bd6 9. Nf3 Qd7 10. e5 Be7 11. d4 h5 12. g5 Qxh3 13. Qe2 Qg4+ 14. Kh2 Bf5 15. Rh1 O-O-O 16. Nc3 h4 17. Be3 Qh5 18. Ne1 Bg4 19. f3 Bf5 20. Qg2 Bb4 21. Ne2 Ne7 22. Nf4 Qh7 23. Bd2 h3 24. Qf2 Bxd2 25. Qxd2 Qh4 26. Rg1 c5 27. d5 Nxd5 28. Nxd5 Rxd5 29. Qxd5 Qf2+ 30. Kh1 h2 0-1

[Event "Quebec op U1600"]
[Site "Montreal CAN"]
[Date "1988.07.31"]
[Round "8"]
[White "Giroux, Gilbert"]
[Black "Ouaknine, Joel"]
[Result "0-1"]
[WhiteElo "1456"]
[BlackElo "1584"]
[PlyCount "47"]
[GameId "2160767912520558"]
[EventDate "1988.07.24"]
[EventType "swiss"]
[EventRounds "8"]
[EventCountry "CAN"]
[SourceTitle "FQE 03"]

1. e4 c5 2. Nf3 e6 3. d4 cxd4 4. Nxd4 a6 5. Nc3 Qc7 6. Be3 Nf6 7. a3 b5 8. Bd3 Bb7 9. O-O Be7 10. Nce2 Bxe4 11. Bxe4 Nxe4 12. Ng3 Nf6 13. Rc1 d5 14. Re1 O-O 15. Qd2 Re8 16. Bg5 Nbd7 17. Re2 Nf8 18. Rce1 Rac8 19. Bxf6 Bxf6 20. Nh5 Be7 21. Re5 Bd6 22. Qg5 Bxe5 23. Rxe5 Ng6 24. Qg4 0-1

[Event "Quebec op U1600"]
[Site "Montreal CAN"]
[Date "1988.07.31"]
[Round "8"]
[White "Lemieux, Michel"]
[Black "Labrie, Robert"]
[Result "1-0"]
[WhiteElo "1555"]
[BlackElo "1444"]
[PlyCount "116"]
[GameId "2160767912520559"]
[EventDate "1988.07.24"]
[EventType "swiss"]
[EventRounds "8"]
[EventCountry "CAN"]
[SourceTitle "FQE 03"]

1. e4 e5 2. Bc4 Nf6 3. d4 Nc6 4. Nf3 exd4 5. Nxd4 Ne5 6. Qe2 Bc5 7. Nb3 Bb6 8. Bg5 O-O 9. Nc3 c6 10. O-O-O Nxc4 11. Qxc4 d6 12. e5 Be6 13. Qh4 Bxf2 14. Qxf2 Ng4 15. Qh4 Qb6 16. Rxd6 h6 17. Bf4 g5 18. Bxg5 hxg5 19. Qxg5+ Kh7 20. Rxe6 fxe6 21. Qxg4 Qe3+ 22. Kb1 Qxe5 23. Qe4+ Qf5 24. a3 Kg8 25. Qxf5 Rxf5 26. Ne4 Rd8 27. h4 Rf4 28. Ng5 Rd6 29. Re1 Rxh4 30. Rxe6 Rxe6 31. Nxe6 Rg4 32. Na5 Rxg2 33. Nxb7 Rg1+ 34. Ka2 Rg2 35. Kb3 Rg6 36. Nbc5 Kf7 37. Kb4 Ke7 38. Ka5 Kd6 39. Ka6 Rg2 40. Kxa7 Rxc2 41. b3 Ra2 42. a4 Rc2 43. Kb7 Rxc5 44. Nxc5 Kxc5 45. a5 Kb5 46. a6 c5 47. a7 Kb4 48. a8=Q Kxb3 49. Qa1 c4 50. Qc1 c3 51. Kc6 c2 52. Kc5 Kc3 53. Kd5 Kd3 54. Ke5 Kc3 55. Ke4 Kb3 56. Kd3 Ka2 57. Qxc2+ Ka1 58. Qd1+ Kb2 1-0

[Event "Quebec op U1600"]
[Site "Montreal CAN"]
[Date "1988.07.31"]
[Round "8"]
[White "Piotte, Martin"]
[Black "Himbeault, Pierre"]
[Result "1-0"]
[WhiteElo "1565"]
[BlackElo "1518"]
[PlyCount "71"]
[GameId "2160767912520560"]
[EventDate "1988.07.24"]
[EventType "swiss"]
[EventRounds "8"]
[EventCountry "CAN"]
[SourceTitle "FQE 03"]

1. e4 e6 2. d4 d5 3. Nd2 c5 4. exd5 exd5 5. Ngf3 Nf6 6. Bb5+ Nc6 7. O-O Be7 8. dxc5 O-O 9. Bxc6 bxc6 10. b4 a5 11. c3 Bg4 12. Qb3 Rb8 13. Qa4 axb4 14. cxb4 Ne4 15. Bb2 Bxc5 16. Nxe4 dxe4 17. Ne5 Be2 18. Rfe1 Bb5 19. Qb3 Bd6 20. Rxe4 Qc7 21. Rae1 Ra8 22. a3 Ba4 23. Qc3 Bxe5 24. Rxe5 Qc8 25. Rg5 f6 26. Re7 Rf7 27. Qc4 Qf8 28. Bxf6 Rd8 29. g3 Rd1+ 30. Kg2 c5 31. Rxg7+ Qxg7 32. Bxg7 Bc6+ 33. Kh3 Bd5 34. Re8+ Kxg7 35. Qg4+ Kf6 36. Qxd1 1-0

[Event "Quebec op U1600"]
[Site "Montreal CAN"]
[Date "1988.07.31"]
[Round "8"]
[White "Saint-Jean, Benoit"]
[Black "Nataf, Paul"]
[Result "0-1"]
[WhiteElo "1439"]
[BlackElo "1562"]
[PlyCount "68"]
[GameId "2160767912520561"]
[EventDate "1988.07.24"]
[EventType "swiss"]
[EventRounds "8"]
[EventCountry "CAN"]
[SourceTitle "FQE 03"]

1. c4 f5 2. Nf3 Nf6 3. Nc3 e6 4. d4 Be7 5. g3 O-O 6. Bg2 c6 7. O-O d5 8. cxd5 cxd5 9. Bg5 Nc6 10. e3 Bd7 11. Bxf6 Rxf6 12. a3 a5 13. Qb3 Rb8 14. Ng5 Rg6 15. Nh3 Rf6 16. Nf4 g5 17. Nfxd5 exd5 18. Nxd5 Re6 19. Nxe7+ Nxe7 20. Bd5 Nxd5 21. Qxd5 Qe7 22. Qxf5 Ra6 23. Qd3 Rb6 24. Qd2 Bh3 25. Rfe1 Qe4 26. f4 Rc6 27. Rac1 Rbc8 28. Rc5 b6 29. Rxc6 Rxc6 30. Re2 Be6 31. Qd1 Bd5 32. Kf2 Qg2+ 33. Ke1 Qg1+ 34. Kd2 Qxd1+ 0-1

[Event "Quebec-ch"]
[Site "Montreal CAN"]
[Date "1988.06.09"]
[Round "1"]
[White "Dupuis, Stephane"]
[Black "Auger, Bertrand"]
[Result "1/2-1/2"]
[WhiteElo "2230"]
[BlackElo "1969"]
[PlyCount "67"]
[GameId "2160767912586190"]
[EventDate "1988.06.09"]
[EventType "tourn"]
[EventRounds "11"]
[EventCountry "CAN"]
[EventCategory "1"]
[SourceTitle "EXT 88b"]

1. d4 d5 2. Nf3 Nf6 3. g3 e6 4. Bg2 c5 5. O-O Nc6 6. c4 h6 7. dxc5 Bxc5 8. Qc2 d4 9. a3 a5 10. Rd1 Qb6 11. Ne1 e5 12. Nd2 O-O 13. Ne4 Nxe4 14. Qxe4 Be6 15. Qc2 d3 16. Nxd3 Nd4 17. Qa4 Rfd8 18. Nxc5 Qxc5 19. Be3 Bd7 20. Bxd4 Bxa4 21. Bxc5 Rxd1+ 22. Rxd1 Bxd1 23. Bd6 Bxe2 24. Bxb7 Rd8 25. c5 Bc4 26. b4 axb4 27. axb4 f5 28. Bxe5 Rd1+ 29. Kg2 Rb1 30. Bc8 g6 31. Bc3 Kf7 32. Bb7 Rb3 33. Bd2 h5 34. h4 1/2-1/2

[Event "Quebec-ch"]
[Site "Montreal CAN"]
[Date "1988.06.09"]
[Round "1"]
[White "Roy, Alain"]
[Black "Barbeau, Sylvain"]
[Result "1/2-1/2"]
[WhiteElo "2129"]
[BlackElo "2355"]
[PlyCount "83"]
[GameId "2160767912586194"]
[EventDate "1988.06.09"]
[EventType "tourn"]
[EventRounds "11"]
[EventCountry "CAN"]
[EventCategory "1"]
[SourceTitle "EXT 88b"]

1. d4 Nf6 2. Nf3 g6 3. c4 Bg7 4. Nc3 d5 5. Bg5 Ne4 6. Bh4 Nxc3 7. bxc3 c5 8. e3 Nc6 9. Be2 O-O 10. O-O Bf5 11. Qa4 dxc4 12. Bxc4 cxd4 13. cxd4 a6 14. Qa3 b5 15. Be2 b4 16. Qa4 Qd7 17. Kh1 Rfc8 18. Rac1 Qb7 19. d5 Ne5 20. Rxc8+ Rxc8 21. Nxe5 Bxe5 22. Bxa6 Ra8 23. Qe8+ Rxe8 24. Bxb7 Kf8 25. e4 Bd7 26. Rc1 Bc3 27. Bg3 e5 28. f3 Bb5 29. Be1 Bxe1 30. Rxe1 Rb8 31. Bc6 Bxc6 32. dxc6 Ke7 33. h4 Kd6 34. Rc1 Kc7 35. Rc4 b3 36. axb3 Rxb3 37. Rc5 f6 38. Rd5 Kxc6 39. Rd8 f5 40. exf5 gxf5 41. Rf8 Rb4 42. Rxf5 1/2-1/2

[Event "Quebec-ch"]
[Site "Montreal CAN"]
[Date "1988.06.10"]
[Round "2"]
[White "Barbeau, Sylvain"]
[Black "Dupuis, Stephane"]
[Result "0-1"]
[WhiteElo "2355"]
[BlackElo "2230"]
[PlyCount "121"]
[GameId "2160767912586195"]
[EventDate "1988.06.09"]
[EventType "tourn"]
[EventRounds "11"]
[EventCountry "CAN"]
[EventCategory "1"]
[SourceTitle "EXT 88b"]

1. d4 Nf6 2. c4 e6 3. Nc3 d5 4. Bg5 Be7 5. Nf3 h6 6. Bxf6 Bxf6 7. e3 b6 8. Qc2 Bb7 9. cxd5 exd5 10. O-O-O Nc6 11. g4 Qd6 12. h4 O-O-O 13. Be2 g6 14. Kb1 Kb8 15. Qa4 Bc8 16. Rhg1 Bd7 17. Bb5 Rhe8 18. Rc1 Na5 19. b4 Nc4 20. Bxd7 Rxd7 21. Nb5 Qc6 22. Qxa7+ Kc8 23. Qa6+ Kd8 24. Nc3 Ke7 25. Qa4 b5 26. Qa7 Ra8 27. Qc5+ Qxc5 28. bxc5 c6 29. Rgd1 b4 30. Ne2 Rda7 31. Rxc4 dxc4 32. Nc1 Ke6 33. g5 hxg5 34. hxg5 Bg7 35. Nd2 c3 36. Nc4 Kf5 37. f4 Ke4 38. Rd3 c2+ 39. Kxc2 Rxa2+ 40. Kd1 Rg2 41. Nd2+ Kf5 42. Rb3 Ra3 43. Kc2 Ke6 44. Rd3 f6 45. gxf6 Bxf6 46. Rb3 Bh4 47. Kd3 Ra1 48. Nf3 Bf6 49. Ne2 Rd1+ 50. Nd2 Re1 51. f5+ Kxf5 52. Nf4 Rg3 53. Ne2 Rg2 54. Nf4 Rh2 55. Nf3 Rd1+ 56. Kc4 Rf2 57. Ne5 Bxe5 58. dxe5 g5 59. e6 Kf6 60. Nh3 Rh2 61. Kxb4 0-1

[Event "Quebec-ch"]
[Site "Montreal CAN"]
[Date "1988.06.10"]
[Round "2"]
[White "Bolduc, Steve"]
[Black "Auger, Bertrand"]
[Result "1-0"]
[WhiteElo "2230"]
[BlackElo "1969"]
[PlyCount "73"]
[GameId "2160767912586196"]
[EventDate "1988.06.09"]
[EventType "tourn"]
[EventRounds "11"]
[EventCountry "CAN"]
[EventCategory "1"]
[SourceTitle "EXT 88b"]

1. e4 Nf6 2. e5 Nd5 3. Nc3 Nxc3 4. dxc3 g6 5. Nf3 Bg7 6. Bd3 d6 7. Bf4 Nc6 8. exd6 cxd6 9. Qd2 Qb6 10. O-O-O Be6 11. Bh6 Bf6 12. Bg5 Bg7 13. Nd4 O-O 14. Nxe6 fxe6 15. f4 Qa5 16. Bc4 d5 17. Bb3 Qc5 18. Rhe1 h6 19. Bh4 Nd8 20. g4 a5 21. a3 b5 22. Bf2 Qd6 23. Bg3 Qa6 24. h4 b4 25. cxb4 axb4 26. a4 Qb6 27. Qd3 Qc6 28. f5 gxf5 29. gxf5 Rxf5 30. Qxf5 exf5 31. Bxd5+ Kf8 32. Bxc6 Nxc6 33. b3 Nd4 34. Be5 Nf3 35. Bxg7+ Kxg7 36. Rxe7+ Kf6 37. Rb7 1-0

[Event "Quebec-ch"]
[Site "Montreal CAN"]
[Date "1988.06.11"]
[Round "3"]
[White "Auger, Bertrand"]
[Black "Barbeau, Sylvain"]
[Result "0-1"]
[WhiteElo "1969"]
[BlackElo "2355"]
[PlyCount "54"]
[GameId "2160767912586201"]
[EventDate "1988.06.09"]
[EventType "tourn"]
[EventRounds "11"]
[EventCountry "CAN"]
[EventCategory "1"]
[SourceTitle "EXT 88b"]

1. Nf3 c5 2. c4 b6 3. g3 Bb7 4. Bg2 Nf6 5. O-O e6 6. Nc3 a6 7. d4 cxd4 8. Qxd4 d6 9. Bg5 Nbd7 10. Rfd1 Rc8 11. b3 h6 12. Bxf6 Nxf6 13. e4 Qc7 14. Rac1 Be7 15. e5 dxe5 16. Qxe5 O-O 17. Qxc7 Rxc7 18. Na4 Ba3 19. Rc3 Rb8 20. Rcd3 Kf8 21. Ne5 Bxg2 22. Kxg2 b5 23. b4 Bxb4 24. a3 bxc4 25. Rc1 cxd3 26. Rxc7 d2 27. Nb2 Bxa3 0-1